00439nam a2200157 i 450000100060000000300090000600500170001500700030003200800410003510000320007624500580010825000260016626000460019230000220023885200210026036359ES-MaACL20230906155343.0t|030218q1902 fr ||||1| fre d1 aBourget, Paul (d1852-1935)10aCruelle énigme b: profils perdus / cPaul Bourget. aEdition définitive. aParis : bPlon, Nourrit et Cie, c[1902?] a297 p. ; c19 cm. aES-MaACLjG-8578